| 000 | 00594nam a22001937a 4500 | ||
|---|---|---|---|
| 999 |
_c8493 _d8493 |
||
| 003 | AR-CdUCM | ||
| 008 | 190325b ||||| |||| 00| 0 spa d | ||
| 040 |
_aMUNICIPALIDAD PROVINCIAL DEL CUSCO _cBIBLIOTECA MUNICIPAL DEL CUSCO |
||
| 082 |
_a869.56 / _bL26 |
||
| 100 |
_aLarrea Blanes, Federico _923208 |
||
| 245 | _aAnfora de las ausencias / | ||
| 260 | _aAyacucho : | ||
| 300 |
_a54 páginas ; _c22 cm. |
||
| 500 | _aDonación familia Nieto. Revisado por el autor incluyó nuevos poemas. | ||
| 650 |
_aPoesía peruana _9806 |
||
| 650 |
_aSiglo XX _98 |
||
| 942 |
_2ddc _cLIBROS |
||
| 945 | _azta | ||